[Event "Blitz for All"]
[Site "SchemingMind.com"]
[Date "2007.11.12"]
[Round "-"]
[White "Vovaspilberg"]
[Black "jdcald13"]
[Result "1/2-1/2"]
[WhiteCountry "RUS"]
[BlackCountry "USA"]
[WhiteElo "1851"]
[WhiteRD "85"]
[BlackElo "1907"]
[BlackRD "49"]
[GameID "128589"]

1. e4 c5 2. Nf3 d6 3. d4 cxd4 4. Nxd4 Nf6 5. Nc3 a6 6. Be3 e5 7. Nb3 Be6 8. Qf3 Be7 9. h3 Nbd7 10. Be2 b5
11. a3 O-O 12. O-O Bxb3 13. cxb3 Nc5 14. Bxc5 dxc5 15. Rfd1 Qc7 16. Nd5 Nxd5 17. Rxd5 Rad8 18. Rad1 Rxd5 19. Rxd5 Rd8 20. Qd3 Rxd5
21. Qxd5 Qd6 22. Qxd6 Bxd6 23. a4=
1/2-1/2

[Event "Blitz for All"]
[Site "SchemingMind.com"]
[Date "2007.11.12"]
[Round "-"]
[White "jdcald13"]
[Black "Vovaspilberg"]
[Result "1/2-1/2"]
[WhiteCountry "USA"]
[BlackCountry "RUS"]
[WhiteElo "1907"]
[WhiteRD "49"]
[BlackElo "1851"]
[BlackRD "85"]
[GameID "128590"]

1. d4 Nf6 2. Nf3 d5 3. c4 e6 4. cxd5 exd5 5. Nc3 c6 6. Bg5 Be7 7. e3 O-O 8. Bd3 Nbd7 9. O-O h6 10. Bh4 Ne4
11. Bxe7 Qxe7 12. Bxe4 dxe4 13. Nd2 f5 14. f3 exf3 15. Qxf3 Nb6 16. e4 g6 17. exf5 Bxf5 18. Rae1 Qd6 19. Qf4 Qxf4=
1/2-1/2

[Event "Blitz for All"]
[Site "SchemingMind.com"]
[Date "2007.11.14"]
[Round "-"]
[White "agarr"]
[Black "jdcald13"]
[Result "0-1"]
[WhiteCountry "RUS"]
[BlackCountry "USA"]
[WhiteElo "1696"]
[WhiteRD "71"]
[BlackElo "1931"]
[BlackRD "46"]
[GameID "128992"]

1. e4 c5 2. Nf3 d6 3. Bb5+ Bd7 4. Bxd7+ Nxd7 5. O-O Ngf6 6. d3 e6 7. b3 Be7 8. Bb2 O-O 9. Nbd2 b5 10. e5 dxe5
11. Nxe5 Nxe5 12. Bxe5 Bd6 13. Bxd6 Qxd6 14. Ne4 Nxe4 15. dxe4 Rfd8 16. Qc1 Qe5 17. f3 Rd7 18. c4 bxc4 19. Qxc4 Rad8 20. Rac1 Rd2
21. Qxc5 Qb2
0-1

[Event "Blitz for All"]
[Site "SchemingMind.com"]
[Date "2007.11.14"]
[Round "-"]
[White "agarr"]
[Black "Vovaspilberg"]
[Result "0-1"]
[WhiteCountry "RUS"]
[BlackCountry "RUS"]
[WhiteElo "1791"]
[WhiteRD "80"]
[BlackElo "1851"]
[BlackRD "85"]
[GameID "128993"]

1. e4 e5 2. Nf3 Nc6 3. Bc4 Nf6 4. O-O Nxe4 5. Re1 d5 6. Bb5 Bc5 7. d4 exd4 8. Nbd2 f5 9. Nxe4 dxe4 10. Bxc6+ bxc6
11. Ne5 Qf6 12. Nd3 Bd6 13. Bf4 O-O 14. Bxd6 Qxd6 15. Nc1 c5 16. Ne2 f4 17. Qd2 Ba6 18. Rad1 Bxe2 19. Qxe2 e3 20. f3 Rf5
21. c3 Rd8 22. Qd3 Rg5 23. b4 cxb4 24. cxd4 Rd5
0-1

[Event "Blitz for All"]
[Site "SchemingMind.com"]
[Date "2007.11.15"]
[Round "-"]
[White "jdcald13"]
[Black "agarr"]
[Result "1-0"]
[WhiteCountry "USA"]
[BlackCountry "RUS"]
[WhiteElo "1931"]
[WhiteRD "46"]
[BlackElo "1696"]
[BlackRD "71"]
[GameID "128994"]

1. Nf3 Nc6 2. g3 e5 3. d3 d5 4. Bg2 h6 5. O-O Nf6 6. Nbd2 Bd6 7. e4 d4 8. Nc4 O-O 9. a3 Bg4 10. h3 Bh5
11. g4 Bg6 12. Nh4 Nh7 13. Nf5 b6 14. f4 Bxf5 15. exf5 Qd7 16. fxe5
1-0

[Event "Blitz for All"]
[Site "SchemingMind.com"]
[Date "2007.11.14"]
[Round "-"]
[White "Vovaspilberg"]
[Black "agarr"]
[Result "1/2-1/2"]
[WhiteCountry "RUS"]
[BlackCountry "RUS"]
[WhiteElo "1860"]
[WhiteRD "78"]
[BlackElo "1696"]
[BlackRD "71"]
[GameID "128995"]

1. e4 e5 2. Nf3 Nc6 3. Bb5 Bc5 4. O-O a6 5. Ba4 d6 6. c3 Bd7 7. d4 Ba7 8. Bxc6 Bxc6 9. Re1 f6 10. d5 Bd7
11. a4 Ne7 12. Be3 Bxe3 13. Rxe3 O-O 14. h3 Ng6 15. Kh1 f5 16. exf5 Rxf5 17. Nbd2 Qf6 18. Ne4 Qe7 19. Kh2 Raf8 20. b3 Nh4
21. Nxh4 Qxh4 22. Qe2 Be8 23. a5 g5 24. c4 Bd7 25. Rf1 Rf4 26. Kg1 Qh6 27. Rg3=
1/2-1/2

[Event "Blitz for All"]
[Site "SchemingMind.com"]
[Date "2007.11.16"]
[Round "-"]
[White "jtrochez1"]
[Black "jdcald13"]
[Result "0-1"]
[WhiteCountry "HON"]
[BlackCountry "USA"]
[WhiteElo "1518"]
[WhiteRD "48"]
[BlackElo "1931"]
[BlackRD "46"]
[GameID "129395"]

1. e4 c5 2. Nf3 d6 3. d4 cxd4 4. Nxd4 Nf6 5. Nc3 a6 6. Be3 e5 7. Nb3 Be6 8. Nd5 Nxd5 9. exd5 Bf5 10. c4 Nd7
11. Be2 Be7 12. O-O O-O 13. Bg4 Bxg4 14. Qxg4 f5 15. Qd1 f4 16. Bd2 f3 17. gxf3 Bg5 18. Bxg5 Qxg5+ 19. Kh1 Qh5 20. Nd2 Rf4
21. Rg1 Raf8 22. Qe2 R8f6 23. Rg2 Rh6 24. Rag1 g6 25. b3 Nf6 26. Re1 Kf7 27. c5 Nxd5 28. cxd6 Rh4 29. Nf1 Nf4 30. Qc4+ Kf6
31. Rxe5 Qxe5 32. Qe4 Qxe4 33. fxe4 Nxg2 34. Kxg2 Rxe4 35. Ne3 Ke6 36. Nc4 Rxc4 37. bxc4 Kxd6
0-1

[Event "Blitz for All"]
[Site "SchemingMind.com"]
[Date "2007.11.16"]
[Round "-"]
[White "jtrochez1"]
[Black "agarr"]
[Result "0-1"]
[WhiteCountry "HON"]
[BlackCountry "RUS"]
[WhiteElo "1511"]
[WhiteRD "50"]
[BlackElo "1718"]
[BlackRD "75"]
[GameID "129396"]

1. e4 e5 2. Nf3 Nc6 3. Bc4 Bc5 4. d3 h6 5. a3 Nf6 6. Nc3 O-O 7. h3 d6 8. Bd2 Nd4 9. Nxd4 Bxd4 10. Qe2 Be6
11. Bxe6 fxe6 12. O-O-O Qd7 13. g4 Nh7 14. Rdf1 b5 15. Nd1 a5 16. c3 Bc5 17. f4 b4 18. Be3 exf4 19. Bxf4 bxa3 20. bxa3 Bxa3+
21. Kd2 e5 22. Be3 Qa4 23. Rxf8+ Rxf8 24. Rf1 Rxf1 25. Qxf1 Qd7 26. Ke1 c6 27. Ke2 d5 28. Qf5 Qxf5 29. exf5 a4 30. Kd2 Ng5
31. Bxg5 hxg5 32. Kc2 Kf7 33. Kb1 Kf6 34. Ka2 Bc5 35. c4 e4 36. Nc3 exd3 37. cxd5 cxd5 38. Nd1 d4 39. Nb2 d2 40. Nd1 g6
41. fxg6 Kxg6 42. Kb2 Bb4 43. Ka2 Kf6 44. Kb2 Ke5 45. Nf2 Kd5 46. Ka2 Kc4 47. h4 gxh4 48. g5 Be7 49. g6 Bf8
0-1

[Event "Blitz for All"]
[Site "SchemingMind.com"]
[Date "2007.11.16"]
[Round "-"]
[White "jtrochez1"]
[Black "Vovaspilberg"]
[Result "0-1"]
[WhiteCountry "HON"]
[BlackCountry "RUS"]
[WhiteElo "1500"]
[WhiteRD "47"]
[BlackElo "1851"]
[BlackRD "85"]
[GameID "129397"]

1. e4 e5 2. Nf3 Nc6 3. c3 Nf6 4. d3 d5 5. Bg5 Be7 6. Bxf6 Bxf6 7. Nbd2 O-O 8. Be2 Be6 9. Nb3 b6 10. a3 d4
11. c4 Ne7 12. g3 Bh3 13. Qd2 Ng6 14. Rg1 Bd7 15. Bd1 a5 16. a4 Be7 17. h4 Bb4 18. Qxb4 axb4 19. Be2 Rxa4
0-1

[Event "Blitz for All"]
[Site "SchemingMind.com"]
[Date "2007.11.16"]
[Round "-"]
[White "jdcald13"]
[Black "jtrochez1"]
[Result "1-0"]
[WhiteCountry "USA"]
[BlackCountry "HON"]
[WhiteElo "1931"]
[WhiteRD "46"]
[BlackElo "1518"]
[BlackRD "48"]
[GameID "129398"]

1. Nf3 b6 2. g3 Bb7 3. Bg2 c6 4. e4 g6 5. O-O Bg7 6. d4 e6 7. Nc3 d6 8. Bg5 Qc7 9. Qd2 Nd7 10. Rfe1 f6
11. Bf4 Ne7 12. Rad1 O-O-O 13. a4 h6 14. a5 bxa5 15. Ra1 g5 16. Be3 Ba6 17. Ra3 Nb6 18. b3 a4 19. Nxa4 Nxa4 20. Rxa4 Bb5
21. Ra3 c5 22. Rea1 Nc6 23. d5 exd5 24. exd5 f5 25. R1a2 Nb4 26. Rxa7 Qb6 27. Ra8+ Kd7 28. R2a7+ Ke8 29. Rxd8+ Qxd8 30. Rxg7 Bd7
31. c3 Na6 32. Nxg5
1-0

[Event "Blitz for All"]
[Site "SchemingMind.com"]
[Date "2007.11.17"]
[Round "-"]
[White "agarr"]
[Black "jtrochez1"]
[Result "0-1"]
[WhiteCountry "RUS"]
[BlackCountry "HON"]
[WhiteElo "1696"]
[WhiteRD "71"]
[BlackElo "1518"]
[BlackRD "48"]
[GameID "129399"]

1. e4 e5 2. Nf3 Nc6 3. Bc4 d6 4. h3 Nd4 5. c3 Nxf3+ 6. Qxf3 Qf6 7. Qe2 Be6 8. O-O Be7 9. Na3 a6 10. Nc2 Bxc4
11. Qxc4 Bd8 12. d4 exd4 13. Nxd4 Ne7 14. f4 O-O 15. Nf3 b5 16. Qd3 Ng6 17. f5 Ne5 18. Qd5 Nxf3+ 19. Rxf3 Be7 20. Bf4 Rfd8
21. g4 g6
0-1

[Event "Blitz for All"]
[Site "SchemingMind.com"]
[Date "2007.11.17"]
[Round "-"]
[White "Vovaspilberg"]
[Black "jtrochez1"]
[Result "1-0"]
[WhiteCountry "RUS"]
[BlackCountry "HON"]
[WhiteElo "1851"]
[WhiteRD "85"]
[BlackElo "1500"]
[BlackRD "47"]
[GameID "129400"]

1. e4 e5 2. Nf3 Nc6 3. Bb5 d6 4. d4 Bd7 5. Nc3 Nf6 6. O-O h6 7. Re1 Bg4 8. d5 a6 9. Ba4 Be7 10. dxc6 b6
11. Bb3 O-O 12. Nd5 Nxd5 13. Bxd5 Kh7 14. a4 Rb8 15. Qd3 Bh5 16. a5 b5 17. b4 Bg6 18. c4 Qe8 19. cxb5 axb5 20. a6 Ra8
21. Qxb5 Qb8 22. Qc4 f5 23. exf5 Bxf5 24. Bd2 Bf6 25. Be4 Bxe4 26. Qxe4+ Kh8 27. Nh4 Bxh4 28. Qxh4 Qd8 29. Qxd8 Rfxd8 30. f4 exf4
31. Bxf4 g5 32. Bg3 Rg8 33. Re7 Rg7 34. Rxg7 Kxg7 35. a7 Kf7 36. Bf2 Ke6 37. Ra5 d5 38. Rb5
1-0

[Event "Blitz for All"]
[Site "SchemingMind.com"]
[Date "2007.11.18"]
[Round "-"]
[White "markjburden"]
[Black "jtrochez1"]
[Result "1-0"]
[WhiteCountry "GBR"]
[BlackCountry "HON"]
[WhiteElo "1749"]
[WhiteRD "67"]
[BlackElo "1518"]
[BlackRD "48"]
[GameID "129619"]

1. e4 e5 2. f4 d6 3. Nf3 Nc6 4. Bc4 h6 5. d3 Be7 6. O-O Bg4 7. h3 Bh5 8. g4 Bg6 9. f5 Bh7 10. Nc3 Nf6
11. Kh2 Na5 12. Bb5+ Nc6 13. Be3 a6 14. Ba4 Qd7 15. Nd5 b5 16. Bb3 Na5 17. c3 Nxb3 18. Qxb3 Nxd5 19. Qxd5 c6 20. Qb3 Bg8
21. Qc2 f6 22. Nh4 Bf7 23. Nf3 Bd8 24. Rf2 Bc7 25. Kh1 c5 26. b3 g5 27. fxg6 Bxg6 28. Nh4 Qf7 29. Raf1 Bd8 30. Kh2 Qg7
31. Rg2 Qh7 32. Nf5 Bxf5 33. gxf5 Be7 34. Rfg1 Qf7 35. Rg7 Qf8 36. b4 Kd7 37. bxc5 Kd8 38. cxd6 Bxd6 39. Bb6+
1-0

[Event "Blitz for All"]
[Site "SchemingMind.com"]
[Date "2007.11.19"]
[Round "-"]
[White "markjburden"]
[Black "jdcald13"]
[Result "1/2-1/2"]
[WhiteCountry "GBR"]
[BlackCountry "USA"]
[WhiteElo "1749"]
[WhiteRD "67"]
[BlackElo "1931"]
[BlackRD "46"]
[GameID "129620"]

1. Nf3 d5 2. d3 c5 3. Nbd2 Nc6 4. g3 Nf6 5. Bg2 e5 6. e4 d4 7. O-O Bd6 8. h3 O-O 9. Nh2 b5 10. Ndf3 c4
11. Bg5 h6 12. Bd2 Be6 13. Nh4 Qd7 14. f4 Bxh3 15. f5 Bxg2 16. Kxg2 Rfc8 17. g4 Nh7 18. N2f3 f6 19. Ng6 Ne7 20. Nfh4 a5
21. Qe1 b4 22. Kg3 cxd3 23. cxd3 Rc2 24. b3 Rac8 25. Nxe7+ Bxe7 26. Ng6 Nf8 27. Nxe7+ Qxe7 28. Qe2 R8c6 29. Rfc1 Rxc1 30. Rxc1 Rxc1
31. Bxc1 Qc5 32. Qd1 Qc3 33. Qd2 Nd7 34. Kf3 Kf7 35. Ke2 Ke7 36. Bb2 Qxd2+ 37. Kxd2 Kd6 38. Kc2 Kc5 39. a3 Nf8 40. axb4+ axb4
41. Bc1 Nh7 42. Bd2 Ng5 43. Be1 Nh3 44. Bg3 Ng5=
1/2-1/2

[Event "Blitz for All"]
[Site "SchemingMind.com"]
[Date "2007.11.19"]
[Round "-"]
[White "markjburden"]
[Black "agarr"]
[Result "1-0"]
[WhiteCountry "GBR"]
[BlackCountry "RUS"]
[WhiteElo "1749"]
[WhiteRD "67"]
[BlackElo "1696"]
[BlackRD "71"]
[GameID "129621"]

1. d4 d5 2. Bg5 Nf6 3. Nf3 Bf5 4. c3 Nbd7 5. Nbd2 e6 6. h3 Be7 7. g4 Bg6 8. Bg2 O-O 9. O-O b6 10. Bf4 c5
11. Re1 Ne4 12. Ne5 Nxd2 13. Qxd2 c4 14. Kh2 Nxe5 15. dxe5 f6 16. e3 fxe5 17. Bxe5 Bd6 18. Bg3 Rf7 19. f4 Qc7 20. Rf1 Raf8
21. Rf2 Bd3 22. b3 g5 23. bxc4 dxc4 24. Qe1 gxf4 25. exf4 e5 26. f5 h5 27. Bd5 h4 28. Bxh4 e4+ 29. Kg2 Bc5 30. Bg5 Bxf2
31. Qxf2 Qe5 32. Qd4 Qxd4 33. cxd4 c3 34. Rc1 c2 35. h4 Kh8 36. Bxf7 Rxf7 37. Kf2 Rd7 38. Ke3 Rc7 39. Bf6+ Kh7 40. g5 Rc3
41. h5
1-0

[Event "Blitz for All"]
[Site "SchemingMind.com"]
[Date "2007.11.18"]
[Round "-"]
[White "markjburden"]
[Black "Vovaspilberg"]
[Result "0-1"]
[WhiteCountry "GBR"]
[BlackCountry "RUS"]
[WhiteElo "1749"]
[WhiteRD "67"]
[BlackElo "1860"]
[BlackRD "78"]
[GameID "129622"]

1. Nf3 d5 2. d3 Nf6 3. Nbd2 e6 4. g3 Bc5 5. h3 b6 6. Bg2 O-O 7. O-O Bb7 8. Re1 Nbd7 9. Nf1 h6 10. g4 Nh7
11. Ng3 f5 12. Nh2 fxg4 13. Nxg4 Qh4 14. d4 Bd6 15. Qd3 Ndf6 16. Ne5 Bxe5 17. dxe5 Ne4 18. Be3 Nxg3 19. fxg3 Qxg3 20. Bd4 Qxd3
21. exd3 c5 22. Bc3 Rab8 23. d4 cxd4 24. Bxd4 Ng5 25. c3 Nf3+ 26. Bxf3 Rxf3 27. Kg2 Rbf8 28. Rf1 Rd3 29. Rab1 Rd2+ 30. Kg1 Rxf1+
31. Rxf1 Rxb2 32. Ra1 Ba6 33. a4 Bd3 34. a5 Bf5 35. h4 Be4 36. axb6 axb6 37. Re1 Rg2+ 38. Kf1 Rh2 39. Bxb6 Rxh4 40. Bd4 g5
41. Kf2 Rf4+ 42. Kg1 Kg7 43. Ra1 Kg6 44. Ra8 Kh5 45. Re8 Bf5 46. Ra8 g4 47. Ra2 g3 48. Kg2 Kg4 49. Ra8 Be4+ 50. Kg1 h5
51. Be3 Rf3
0-1

[Event "Blitz for All"]
[Site "SchemingMind.com"]
[Date "2007.11.18"]
[Round "-"]
[White "jtrochez1"]
[Black "markjburden"]
[Result "1-0"]
[WhiteCountry "HON"]
[BlackCountry "GBR"]
[WhiteElo "1518"]
[WhiteRD "48"]
[BlackElo "1749"]
[BlackRD "67"]
[GameID "129623"]

1. e4 g6 2. d4 Bg7 3. Bc4 d6 4. Nc3 c6 5. Nf3 h6 6. h3 Nf6 7. Be3 O-O 8. Qd2 Kh7 9. Bd3 Nbd7 10. Ne2 b5
11. b4 Bb7 12. O-O Ng8 13. c4 a6 14. Rfd1 Qc7 15. Rac1 Qb8 16. c5 dxc5 17. dxc5 Ndf6 18. Bf4 Qd8 19. Qc2 Qe8 20. Ne5 a5
21. Nxg6 fxg6 22. e5 Nd5 23. h4 h5 24. Bd2 Bxe5 25. a3 axb4 26. axb4 Qf7 27. Rf1 Ngf6 28. f4 Nxb4 29. Bxb4 Ra2 30. Qd1 Bc7
31. Ng3 Ng4 32. Bc3 Ne3 33. Qxh5+
1-0

[Event "Blitz for All"]
[Site "SchemingMind.com"]
[Date "2007.11.19"]
[Round "-"]
[White "jdcald13"]
[Black "markjburden"]
[Result "1/2-1/2"]
[WhiteCountry "USA"]
[BlackCountry "GBR"]
[WhiteElo "1931"]
[WhiteRD "46"]
[BlackElo "1749"]
[BlackRD "67"]
[GameID "129624"]

1. e4 g6 2. d4 Bg7 3. Nf3 d6 4. Nc3 c6 5. Bc4 e6 6. O-O Ne7 7. Be3 O-O 8. Qd2 b5 9. Bb3 a5 10. a4 b4
11. Ne2 Ba6 12. Rfe1 Nd7 13. Rad1 Qc7 14. Bh6 d5 15. Ng3 c5 16. Bxg7 Kxg7 17. exd5 Nxd5 18. Bxd5 exd5 19. dxc5 Nxc5 20. Qxd5 Nxa4
21. Nh5+ gxh5 22. Qg5+ Kh8 23. Qf6+ Kg8 24. Rd5 h6 25. Rxh5 Qb6 26. Qf4 Kg7 27. Nh4 Bc8 28. Ree5 Rd8 29. h3 Rd1+ 30. Kh2 Qf6
31. Reg5+ Qxg5 32. Rxg5+ hxg5 33. Qxg5+ Kf8 34. Ng6+ fxg6 35. Qf6+ Kg8 36. Qxg6+ Kf8 37. Qf6+=
1/2-1/2

[Event "Blitz for All"]
[Site "SchemingMind.com"]
[Date "2007.11.19"]
[Round "-"]
[White "agarr"]
[Black "markjburden"]
[Result "0-1"]
[WhiteCountry "RUS"]
[BlackCountry "GBR"]
[WhiteElo "1696"]
[WhiteRD "71"]
[BlackElo "1749"]
[BlackRD "67"]
[GameID "129625"]

1. e4 g6 2. d4 Bg7 3. Nf3 d6 4. Nc3 c6 5. Bd3 Nd7 6. Be3 e5 7. O-O Ne7 8. Ne2 O-O 9. c3 exd4 10. cxd4 b5
11. Rc1 Bb7 12. b3 a6 13. Qd2 Nf6 14. h3 Rc8 15. Bh6 c5 16. Bxg7 Kxg7 17. d5 h6 18. Nh2 h5 19. Qg5 Neg8 20. f4 Qb6
21. Kh1 Nh7 22. Qg3 Rfe8 23. f5 g5 24. Nf3 h4 25. Nxh4 Ngf6 26. Nf3 g4 27. hxg4 Rh8 28. Nf4 Ng5+ 29. Nh5+ Nxh5 30. gxh5 Rxh5+
31. Kg1 c4+ 32. Rf2 Rch8 33. Kf1 Qe3
0-1

[Event "Blitz for All"]
[Site "SchemingMind.com"]
[Date "2007.11.18"]
[Round "-"]
[White "Vovaspilberg"]
[Black "markjburden"]
[Result "1-0"]
[WhiteCountry "RUS"]
[BlackCountry "GBR"]
[WhiteElo "1851"]
[WhiteRD "85"]
[BlackElo "1700"]
[BlackRD "75"]
[GameID "129626"]

1. e4 Nc6 2. d4 d5 3. Nc3 dxe4 4. d5 Nb8 5. Nxe4 c6 6. Bc4 Nf6 7. Nxf6+ exf6 8. Ne2 Be7 9. O-O O-O 10. Bf4 Re8
11. c3 Bg4 12. f3 Bf5 13. dxc6 Qb6+ 14. Kh1 Nxc6 15. b4 Rac8 16. Qb3 Rf8 17. a4 Qd8 18. Rad1 Qe8 19. Ng3 Bg6 20. Rfe1 Ne5
21. Bxe5 fxe5 22. Rxe5 b6 23. Bb5
1-0

[Event "Blitz for All"]
[Site "SchemingMind.com"]
[Date "2007.11.19"]
[Round "-"]
[White "mmccaffe"]
[Black "jtrochez1"]
[Result "0-1"]
[WhiteCountry "USA"]
[BlackCountry "HON"]
[WhiteElo "1572"]
[WhiteRD "114"]
[BlackElo "1500"]
[BlackRD "47"]
[GameID "129627"]

1. e4 e5 2. Nf3 d6 3. d4 exd4 4. Nxd4 Nf6 5. Nc3 Be7 6. Bc4 O-O 7. f3 c6 8. Be3 d5 9. exd5 cxd5 10. Bd3 a6
11. Qd2 Bd7 12. O-O Re8 13. Rfe1 Nc6 14. Nxc6 Bxc6 15. Rad1 Qc7 16. Bf4 Bd6 17. Bxd6 Qxd6 18. Bc4 Qc5+
0-1

[Event "Blitz for All"]
[Site "SchemingMind.com"]
[Date "2007.11.19"]
[Round "-"]
[White "mmccaffe"]
[Black "jdcald13"]
[Result "0-1"]
[WhiteCountry "USA"]
[BlackCountry "USA"]
[WhiteElo "1494"]
[WhiteRD "66"]
[BlackElo "1931"]
[BlackRD "46"]
[GameID "129628"]

1. e4 c5 2. Nf3 d6 3. d4 cxd4 4. Nxd4 Nf6 5. Nc3 a6 6. Bg5 Nbd7 7. Bc4 Qa5 8. Qd2 e6 9. O-O-O Be7 10. Bxe6 fxe6
11. Nxe6 Kf7 12. Nd4 Ne5 13. Nb3 Qd8 14. Bxf6 gxf6 15. Qd5+ Kg7 16. h3 Rb8 17. Nd4 Bd7 18. f4 Nc6 19. Ne6+ Bxe6 20. Qxe6 Qc8
21. Qd5 Re8 22. Rd3 Kh8 23. Rg3 Rg8 24. Rg4 Rxg4 25. hxg4 Qxg4 26. Qf7 Qg7 27. Qh5 Rg8 28. Nd5 Qg6 29. Qh3 Qxe4 30. f5 Rg7
31. Qh5 Qxd5 32. Qe8+ Qg8 33. Rxh7+ Rxh7
0-1

[Event "Blitz for All"]
[Site "SchemingMind.com"]
[Date "2007.11.19"]
[Round "-"]
[White "mmccaffe"]
[Black "agarr"]
[Result "0-1"]
[WhiteCountry "USA"]
[BlackCountry "RUS"]
[WhiteElo "1494"]
[WhiteRD "66"]
[BlackElo "1696"]
[BlackRD "71"]
[GameID "129629"]

1. e4 e5 2. Nf3 Nc6 3. Bc4 Bc5 4. d3 h6 5. O-O Nf6 6. Nc3 O-O 7. h3 d6 8. Bd2 Nd4 9. Nxd4 Bxd4 10. Be3 Be6
11. Bxe6 fxe6 12. Bxd4= exd4 13. Ne2 e5 14. f4 c5 15. Ng3 b5 16. fxe5 dxe5 17. Nh5 Qb6 18. Nxf6+ Rxf6 19. Rxf6 Qxf6 20. Qf1 Rc8
21. Qxf6 gxf6 22. Rf1 Kg7 23. b3 c4 24. bxc4 bxc4 25. dxc4 Rxc4 26. Rb1 a5 27. Rb2 a4 28. Kf2 a3
0-1

[Event "Blitz for All"]
[Site "SchemingMind.com"]
[Date "2007.11.18"]
[Round "-"]
[White "mmccaffe"]
[Black "markjburden"]
[Result "1/2-1/2"]
[WhiteCountry "USA"]
[BlackCountry "GBR"]
[WhiteElo "1572"]
[WhiteRD "114"]
[BlackElo "1700"]
[BlackRD "75"]
[GameID "129630"]

1. e4 Nc6 2. Nf3 e5 3. Bb5 a6 4. Bxc6 dxc6 5. O-O Bd6 6. d4 exd4 7. Qxd4 Qf6 8. Bg5 Qxd4 9. Nxd4 h6 10. Be3 Bd7
11. Nc3=
1/2-1/2

[Event "Blitz for All"]
[Site "SchemingMind.com"]
[Date "2007.11.18"]
[Round "-"]
[White "mmccaffe"]
[Black "Vovaspilberg"]
[Result "0-1"]
[WhiteCountry "USA"]
[BlackCountry "RUS"]
[WhiteElo "1494"]
[WhiteRD "66"]
[BlackElo "1860"]
[BlackRD "78"]
[GameID "129631"]

1. e4 e5 2. Nf3 Nc6 3. Bb5 a6 4. Ba4 Nf6 5. O-O d6 6. Bxc6+ bxc6 7. d3 c5 8. h3 Be7 9. Be3 O-O 10. Nc3 Bb7
11. Qd2 h6 12. Rfe1 Kh7 13. Rab1 Ne8 14. g4 g5 15. b4 cxb4 16. Rxb4 Bc6 17. Nd5 Bxd5 18. exd5 f6 19. Reb1 Qc8 20. Rb7 f5
21. Nxg5+ Bxg5 22. Bxg5 hxg5 23. Qxg5 fxg4 24. hxg4 Qd8 25. Qxd8 Rxd8 26. c4 Rf4 27. Ra7 Rxg4+ 28. Kf1 e4 29. d4 Rd7 30. Rxa6 Rf7
31. Re1 Rgf4 32. Re2 e3 33. Rxe3 Rxf2+ 34. Ke1 Ng7 35. a4 Rf1+ 36. Kd2 Ra1 37. a5 Rf2+ 38. Re2 Ra2+
0-1

[Event "Blitz for All"]
[Site "SchemingMind.com"]
[Date "2007.11.19"]
[Round "-"]
[White "jtrochez1"]
[Black "mmccaffe"]
[Result "1/2-1/2"]
[WhiteCountry "HON"]
[BlackCountry "USA"]
[WhiteElo "1500"]
[WhiteRD "47"]
[BlackElo "1572"]
[BlackRD "114"]
[GameID "129632"]

1. e4 c5 2. Nf3 d6 3. d4 cxd4 4. Nxd4 Nf6 5. Nc3 a6 6. Be2 e5 7. Nb3 Be7 8. h3 O-O 9. Be3 Nc6 10. O-O b5
11. Bd3 Bb7 12. Kh2 Nb4 13. a3 Nxd3 14. cxd3 d5 15. Bg5 dxe4 16. Bxf6 Bxf6 17. dxe4 Qxd1 18. Raxd1 Rfd8 19. f3 Be7 20. Rxd8+ Rxd8
21. Rd1 Rxd1=
1/2-1/2

[Event "Blitz for All"]
[Site "SchemingMind.com"]
[Date "2007.11.19"]
[Round "-"]
[White "jdcald13"]
[Black "mmccaffe"]
[Result "1-0"]
[WhiteCountry "USA"]
[BlackCountry "USA"]
[WhiteElo "1931"]
[WhiteRD "46"]
[BlackElo "1494"]
[BlackRD "66"]
[GameID "129633"]

1. e4 c6 2. d3 d5 3. Nd2 dxe4 4. dxe4 Nf6 5. e5 Nd5 6. c4 Nc7 7. f4 Bf5 8. Ngf3 e6 9. Be2 Be7 10. O-O Nd7
11. Nb3 Nc5 12. Be3 Nxb3 13. Qxb3 b6 14. Rad1 Qc8 15. Nd4 c5 16. Qa4+ Kf8 17. Nxf5 exf5 18. Bf3 f6 19. Bxa8
1-0

[Event "Blitz for All"]
[Site "SchemingMind.com"]
[Date "2007.11.19"]
[Round "-"]
[White "agarr"]
[Black "mmccaffe"]
[Result "1-0"]
[WhiteCountry "RUS"]
[BlackCountry "USA"]
[WhiteElo "1791"]
[WhiteRD "80"]
[BlackElo "1572"]
[BlackRD "114"]
[GameID "129634"]

1. e4 c6 2. d4 d5 3. e5 Bf5 4. Nf3 e6 5. Be2 Nd7 6. O-O Qb6 7. Nc3 Be7 8. b3 c5 9. Be3 O-O-O 10. Na4 Qc7
11. c4 Kb8 12. dxc5 Nxc5 13. b4 dxc4 14. Nd4 Nd3 15. Nb5 Qd7 16. Bxa7+
1-0

[Event "Blitz for All"]
[Site "SchemingMind.com"]
[Date "2007.11.18"]
[Round "-"]
[White "markjburden"]
[Black "mmccaffe"]
[Result "1/2-1/2"]
[WhiteCountry "GBR"]
[BlackCountry "USA"]
[WhiteElo "1700"]
[WhiteRD "75"]
[BlackElo "1572"]
[BlackRD "114"]
[GameID "129635"]

1. Nf3 Nf6 2. d3 g6 3. Nbd2 Bg7 4. g3 O-O 5. Bg2 d6 6. O-O e5 7. e4 Nc6 8. Re1 Bg4 9. Nf1 Qd7 10. Bg5 Bh3
11. Rb1 Bxg2 12. Kxg2 Nh5=
1/2-1/2

[Event "Blitz for All"]
[Site "SchemingMind.com"]
[Date "2007.11.18"]
[Round "-"]
[White "Vovaspilberg"]
[Black "mmccaffe"]
[Result "1/2-1/2"]
[WhiteCountry "RUS"]
[BlackCountry "USA"]
[WhiteElo "1851"]
[WhiteRD "85"]
[BlackElo "1572"]
[BlackRD "114"]
[GameID "129636"]

1. e4 e5 2. Nf3 Nc6 3. Bb5 a6 4. Ba4 Nf6 5. O-O b5 6. Bb3 Be7 7. Re1 O-O 8. h3 d6 9. c3 Bb7 10. d4 Na5
11. Bc2 c5 12. Nbd2 cxd4 13. cxd4 Nc6 14. d5 Nb8 15. a4 bxa4 16. Bxa4 Nbd7 17. b4 Qc7 18. Nf1 Nb6 19. Bb3 Rfc8 20. Ne3 Nxe4
21. Nf5 Nf6 22. Bg5 h6 23. Bxf6 Bxf6 24. Nd2 Bxd5 25. Bxd5 Nxd5 26. Ne4 Ne7 27. Nfxd6 Rd8 28. Nxf6+ gxf6 29. Qg4+ Kf8 30. Nf5 Nxf5=
1/2-1/2

[Event "Blitz for All"]
[Site "SchemingMind.com"]
[Date "2007.11.20"]
[Round "-"]
[White "punmanbowler"]
[Black "jtrochez1"]
[Result "0-1"]
[WhiteCountry "USA"]
[BlackCountry "HON"]
[WhiteElo "1408"]
[WhiteRD "73"]
[BlackElo "1518"]
[BlackRD "48"]
[GameID "129833"]

1. e4 e5 2. Nf3 d6 3. Bc4 Be7 4. O-O Bf6 5. d3 Bg4 6. Nc3 c6 7. h3 Bxf3 8. Qxf3 Nd7 9. Bg5 h6 10. Bh4 g5
11. Bg3 Qe7 12. Rae1 O-O-O 13. Ne2 h5 14. c3 Nb6 15. Qe3 Qd7 16. b3 g4 17. hxg4 hxg4 18. f3 Bh4 19. Bxh4 f6 20. Ng3 Rxh4
21. Nf5 Rh8 22. fxg4 d5 23. exd5 cxd5 24. Qc5+ Kb8 25. Bb5 Qh7 26. Kf2 Rc8 27. Qd6+ Ka8 28. Rh1 Qg6 29. Rxh8 Qxg4 30. Nh6 Qf4+
31. Kg1 Nxh6 32. Rxc8+ Nxc8 33. Qd8 Kb8 34. Bd7 a6 35. Qxc8+ Ka7 36. Rf1 Qe3+ 37. Kh2 f5 38. Qc7 Ng4+ 39. Kh1 Qh6+ 40. Kg1 Qh2#
0-1

[Event "Blitz for All"]
[Site "SchemingMind.com"]
[Date "2007.11.20"]
[Round "-"]
[White "punmanbowler"]
[Black "jdcald13"]
[Result "0-1"]
[WhiteCountry "USA"]
[BlackCountry "USA"]
[WhiteElo "1408"]
[WhiteRD "73"]
[BlackElo "1931"]
[BlackRD "46"]
[GameID "129834"]

1. e4 c5 2. Nf3 d6 3. c3 Nf6 4. Bd3 Nc6 5. O-O Bg4 6. h3 Bh5 7. Be2 Nxe4 8. Qc2 Nf6 9. d4 cxd4 10. cxd4 Rc8
11. Be3 e6 12. Nc3 Be7 13. Qa4 O-O 14. Rac1 d5 15. Ne5 Bxe2 16. Nxe2 Qb6 17. b3 Nb4 18. a3 Nc2 19. Bd2 Nxa3 20. Ba5 Qb5
21. Nc3 Qxa4 22. bxa4 b6 23. Nb1 Nxb1 24. Rxb1 bxa5 25. Rb7 Bb4 26. Rxa7 Rc2 27. g4 h6 28. f4 Bc3 29. Rc7 Bxd4+
0-1